Die 5 größten Städte der 30 bevölkerungsreichsten Länder - Statistiken

Allgemein
  • Dieses Quiz wurde 482 mal gespielt
  • Das Durchschnittsergebnis liegt bei 66 aus 150
Antwortstatistiken
Land Antwort Einwohner % Korrekt
Russland Moskau 14.000.000
97%
China Peking 21.000.000
97%
D.R Kongo Mbuji-Mayi 2.100.000
96%
USA New York City 19.000.000
95%
Italien Rom 4.100.000
95%
Japan Tokio 39.000.000
95%
Deutschland Berlin 3.800.000
94%
Türkei Istanbul 16.000.000
94%
Deutschland Hamburg 1.900.000
93%
Deutschland München 1.600.000
93%
Deutschland Köln 1.100.000
92%
Spanien Madrid 6.000.000
92%
Italien Mailand 4.400.000
92%
Mexiko Mexiko-Stadt 22.000.000
92%
Russland Sankt Petersburg 6.000.000
92%
Türkei Ankara 6.000.000
91%
USA Los Angeles 12.700.000
91%
Frankreich Paris 14.000.000
91%
Ägypten Kairo 20.000.000
90%
Spanien Barcelona 5.200.000
89%
Deutschland Frankfurt 800.000
89%
Vietnam Haiphòng 2.300.000
89%
Brasilien Rio de Janeiro 14.000.000
89%
China Shanghai 24.000.000
89%
Südkorea Seoul 11.000.000
88%
Italien Neapel 3.900.000
87%
Südafrika Kapstadt 4.000.000
85%
Frankreich Marseille 1.800.000
84%
Thailand Bangkok 15.000.000
83%
Brasilien Brasília 4.200.000
82%
Indien Delhi 26.000.000
82%
Indonesien Jakarta 34.000.000
82%
Südafrika Johannesburg 5.000.000
82%
Indien Mumbai 22.000.000
82%
Frankreich Lyon 2.300.000
81%
USA Chicago 10.000.000
80%
VK London 15.000.000
79%
Brasilien São Paulo 22.000.000
79%
Iran Teheran 11.000.0000
79%
Kolumbien Bogotá 10.000.000
76%
Vietnam Da Nang 1.200.000
76%
Italien Turin 1.600.000
76%
Spanien Valencia 1.500.000
76%
Philippinen Manila 33.000.000
75%
VK Manchester 2.900.000
73%
Japan Osaka 22.000.000
73%
Spanien Sevilla 1.200.000
72%
Bangladesch Dhaka 15.000.000
70%
Pakistan Islamabad 2.100.000
70%
VK Birmingham 3.000.000
68%
Vietnam Hànôi 8.200.000
68%
Nigeria Lagos 15.000.000
68%
Ägypten Alexandria 5.800.000
67%
D.R Kongo Kinshasa 13.000.000
65%
Kenia Nairobi 4.400.000
65%
Frankreich Bordeaux 1.300.000
63%
Italien Palermo 980.000
63%
Südafrika Pretoria 3.100.000
63%
Äthiopien Addis Abeba 4.000.000
61%
USA Miami 6.200.000
61%
USA Dallas 6.000.000
60%
China Guangzhou 13.000.000
59%
Türkei Izmir 4.600.000
56%
Indien Kalkutta 15.000.000
55%
VK Glasgow 1.600.000
54%
Vietnam Hô Chí Minh Stadt 10.000.000
54%
Nigeria Abuja 3.000.000
51%
VK Leeds 2.100.000
50%
Spanien Malaga 900.000
49%
Frankreich Toulouse 1.400.000
49%
Brasilien Belo Horizonte 6.000.000
45%
Kolumbien Medellín 4.000.000
45%
Südafrika Durban 3.700.000
43%
Mexiko Guadalajara 5.000.000
42%
Pakistan Karatschi 16.000.000
41%
Indien Chennai 10.000.000
39%
Tansania Daressalam 5.000.000
38%
Südkorea Busan 3.400.000
36%
Pakistan Lahore 12.000.000
36%
Mexiko Monterrey 4.700.000
34%
Russland Jekaterinburg 1.500.000
33%
Japan Nagoya 10.000.000
33%
Kolumbien Cali 3.100.000
30%
Russland Nischni Nowgorod 1.300.000
30%
Ägypten Gizeh 4.300.000
28%
Kenia Mombassa 1.300.000
27%
Myanmar Naypyidaw 400.000
26%
Türkei Adana 2.200.000
25%
Myanmar Rangun 5.000.000
25%
Russland Nowosibirsk 1.800.000
24%
China Tianjin 11.300.000
24%
Mexiko Tijuana 2.000.000
23%
Indien Bengaluru 11.000.000
22%
Brasilien Fortaleza 3.900.000
22%
Indonesien Bandung 5.300.000
21%
Türkei Bursa 3.300.000
21%
Japan Fukuoka 5.500.000
21%
China Chongqing 14.000.000
20%
Bangladesch Chittagong 4.000.000
19%
Indonesien Surabaya 5.700.000
19%
Iran Isfahan 2.000.000
18%
Vietnam Cân Tho 1.400.000
17%
Nigeria Kano 5.200.000
16%
Mexiko Puebla 3.000.000
15%
Südkorea Daegu 2.400.000
14%
Kolumbien Barranquilla 2.100.000
13%
Südkorea Incheon 2.900.000
13%
Philippinen Cebu 1.000.000
12%
Nigeria Ibadan 5.900.000
12%
Indonesien Medan 2.400.000
12%
Pakistan Faisalabad 3.700.000
11%
Ägypten Port Said 870.000
11%
Philippinen Davao 1.600.000
10%
Myanmar Mandalay 1.300.000
10%
Kolumbien Cartagena 1.300.000
9%
Iran Maschhad 3.000.000
9%
Iran Täbris 1.600.000
9%
Nigeria Port Harcourt 3.800.000
8%
Pakistan Rawalpindi 2.600.000
7%
D.R Kongo Lubumbashi 2.200.000
6%
Tansania Arusha 460.000
5%
Südkorea Daejeon 1.300.000
5%
D.R Kongo Kisangani 1.600.000
5%
Indonesien Semarang 2.000.000
5%
Kenia Eldoret 480.000
3%
Japan Hamamatsu 3.400.000
3%
Thailand Hat Yai 260.000
3%
D.R Kongo Kananga 1.200.000
3%
Iran Karadsch 1.700.000
3%
Bangladesch Khulna 1.000.000
3%
Kenia Nakuru 600.000
3%
Äthiopien Adama 380.000
2%
Myanmar Bago 260.000
2%
Südafrika Germiston 3.200.000
2%
Äthiopien Gondar 400.000
2%
Äthiopien Hawassa 358.000
2%
Äthiopien Mek'ele 397.000
2%
Tansania Mwanza 800.000
2%
Thailand Nonthaburi 400.000
2%
Thailand Pak Kret 280.000
2%
Bangladesch Sylhet 600.000
2%
Philippinen Zamboanga 870.000
2%
Philippinen Caloocan 1.700.000
1%
Tansania Mbeya 400.000
1%
Tansania Morogoro 330.000
1%
Thailand Nakhon Ratchasima 500.000
1%
Bangladesch Narayanganj 2.000.000
1%
Kenia Ruiru 500.000
1%
Ägypten Schubra al-Chaima 1.200.000
1%
Myanmar Taunggyi 270.000
1%
Keine übereinstimmenden Quizze gefunden
Verteilung der Resultate
Anzahl Personen mit jedem Resultat
Perzentil nach korrekt beantworteten Fragen
Ihre Resultats-Entwicklung
Sie haben dieses Quiz noch nicht gespielt